| 000 | 01120nam a22002297a 4500 | ||
|---|---|---|---|
| 999 |
_c75644 _d75644 |
||
| 005 | 20230818110733.0 | ||
| 008 | s2558 th tha d | ||
| 020 | _a9786162871054 | ||
| 040 | _aNALT | ||
| 041 | _atha | ||
| 050 |
_aBF 637.P76 _bม611ว 2558 |
||
| 100 | 1 |
_aMunchhausen, Marco von _922501 |
|
| 245 | 1 | 0 |
_aวิธีรับมือกับ "ตัวเขมือบความตั้งใจ" ในตัวคุณ / _cMarco von Munchhausen ; ทสมา วรรธนะภูติ, แปล. |
| 260 |
_aกรุงเทพฯ : _bวีเลิร์น, _c2558. |
||
| 300 |
_a229 หน้า : _bภาพประกอบ, ตาราง ; _c21 ซม. |
||
| 650 | 4 |
_aการปรับพฤติกรรม _921510 |
|
| 650 | 4 |
_aการผัดวันประกันพรุ่ง _922503 |
|
| 700 | 0 | 0 |
_aทสมา วรรธนะภูติ _922502 |
| 850 | _aNALT | ||
| 942 |
_cGB _2lcc _05 |
||
| 998 |
_j8 _k นายบัณฑิต อุทาวงค์ |
||